| 000 | 00454nam a2200157 i 4500 | ||
|---|---|---|---|
| 001 | 40533 | ||
| 003 | ES-MaACL | ||
| 005 | 20230906160240.0 | ||
| 007 | t| | ||
| 008 | 030306s1971 ve ||||1| spa d | ||
| 100 | 1 |
_aCardozo, Lubio. _935210 |
|
| 245 | 1 | 3 |
_aLa poesía en Mérida de Venezuela / _cLubio Cardozo. |
| 260 |
_a[Maracaibo (Venezuela)] : _bUniversidad del Zulia, _c[1971] |
||
| 300 |
_a215 p. ; _c23 cm. |
||
| 852 |
_aES-MaACL _jC-42977 _bR.80020 |
||
| 999 |
_c40533 _d40533 |
||